| 000 | 00932nam a22002537a 4500 | ||
|---|---|---|---|
| 005 | 20240530110904.0 | ||
| 008 | 220209s2006 ua a b 000 0 ara d | ||
| 017 |
_bمصر. دار الكتب _a2006/2408 |
||
| 020 | _a9770915270 | ||
| 040 |
_aEG-CaGPL _cEG-CaGPL |
||
| 082 | 0 | 4 |
_221 _a323.6\ _bس م |
| 100 | 0 | _aسمير مرقس | |
| 245 | 1 | 2 |
_aالمواطنة والتغيير : _bدراسة اولية حول تاصيل المفهوم وتفعيل الممارسة / _cسمير مرقس |
| 250 | _aط.1 | ||
| 260 |
_aالقاهرة : _bمكتبة الشروق الدولية، _c2006 |
||
| 300 |
_a108 ص؛ _c24 سم |
||
| 504 | _aيشتمل على ارجاعات ببليوجرافية | ||
| 650 | 0 | 7 |
_2qrmak _aحقوق الانسان |
| 650 | 0 | 7 |
_aالمواطنة _2qrmak |
| 650 | 0 | 7 |
_aالمواطنة _zمصر _2qrmak |
| 651 | _2qrmak | ||
| 942 |
_2ddc _cBK |
||
| 999 |
_c66188 _d66188 |
||